MARC details
| 000 -CABECERA |
| campo de control de longitud fija |
02000nam a2200265 a 4500 |
| 001 - NÚMERO DE CONTROL |
| campo de control |
000029339 |
| 005 - FECHA Y HORA DE LA ÚLTIMA TRANSACCIÓN |
| campo de control |
20250711124154.0 |
| 008 - DATOS DE LONGITUD FIJA--INFORMACIÓN GENERAL |
| campo de control de longitud fija |
110414s2008 dr ad 001 0 spa d |
| 020 ## - NÚMERO INTERNACIONAL ESTÁNDAR DEL LIBRO |
| Número Internacional Estándar del Libro |
9789945406832 |
| 040 ## - FUENTE DE LA CATALOGACIÓN |
| Centro catalogador/agencia de origen |
DO-SdBNP |
| Lengua de catalogación |
spa |
| Centro/agencia transcriptor |
BNPHU |
| 082 ## - NÚMERO DE LA CLASIFICACIÓN DECIMAL DEWEY |
| Número de clasificación |
379.7293 |
| Número de documento/Ítem |
R426p, 2008-18 |
| 110 1# - ENTRADA PRINCIPAL--NOMBRE DE ENTIDAD CORPORATIVA |
| Nombre de entidad corporativa o nombre de jurisdicción como elemento de entrada |
República Dominicana. |
| Unidad subordinada |
Secretaría de Estado de Educación Superior, Ciencia y Tecnología |
| 9 (RLIN) |
18778 |
| 245 10 - MENCIÓN DE TÍTULO |
| Título |
Plan decenal de Educación Superior 2008-2018 : |
| Resto del título |
una educación superior de calidad para el país que soñamos los dominicanos : resumen / |
| Mención de responsabilidad, etc. |
presentación Ligia Amada Melo de Cardona ; edición Luz Almánzar Rodríguez. |
| 260 ## - PUBLICACIÓN, DISTRIBUCIÓN, ETC. |
| Lugar de publicación, distribución, etc. |
Santo Domingo : |
| Nombre del editor, distribuidor, etc. |
SEESCyT, |
| Fecha de publicación, distribución, etc. |
2008. |
| 300 ## - DESCRIPCIÓN FÍSICA |
| Extensión |
88 p. : |
| Otras características físicas |
il., gráfcs., tablas ; |
| Dimensiones |
28 cm. |
| 505 0# - NOTA DE CONTENIDO CON FORMATO |
| Información miscelánea |
Presentación / |
| Mención de responsabilidad |
Ligia Amada Melo de Cardona -- |
| Información miscelánea |
Introducción -- |
| Título |
Área 1: Contexto: Un mundo de retos y desafíos positivos -- |
| -- |
Programas estratégicos del Plan Decenal de Educación Superior 2008-2018 -- |
| -- |
Área 2: Cualitativa: Fomentando la cultura de creación del conocimiento -- |
| -- |
Área 3: Vinculando las instituciones de Educación Superior (IES) y el sector productivo -- |
| -- |
Área 4: Cuantitativa: Fomentando la equidad y la ampliación de la cobertura en la Educación Superior -- |
| -- |
Área 5: Mejoramiento y modernización de la Educación Superior -- |
| -- |
Área 6: Asignando más recursos y mayor eficiencia en la Educación Superior -- |
| -- |
Organización y gestión de la ejecución del Plan Decenal de Educación Superior 2008-2018 -- |
| -- |
Evaluación, seguimiento y difusión del Plan Decenal de Educación Superior 2008-2018 -- |
| Información miscelánea |
Anexos. |
| 590 ## - NOTA LOCAL (RLIN) |
| Nota local |
Inventariado, 2018/MFF |
| 650 #0 - PUNTO DE ACCESO ADICIONAL DE MATERIA--TÉRMINO DE MATERIA |
| Término de materia o nombre geográfico como elemento de entrada |
Planificación educativa |
| 9 (RLIN) |
17484 |
| 650 #4 - PUNTO DE ACCESO ADICIONAL DE MATERIA--TÉRMINO DE MATERIA |
| Término de materia o nombre geográfico como elemento de entrada |
Planificación estratégica |
| 9 (RLIN) |
2433 |
| 650 #4 - PUNTO DE ACCESO ADICIONAL DE MATERIA--TÉRMINO DE MATERIA |
| Término de materia o nombre geográfico como elemento de entrada |
Desarrollo educativo |
| 9 (RLIN) |
10501 |
| 650 #4 - PUNTO DE ACCESO ADICIONAL DE MATERIA--TÉRMINO DE MATERIA |
| Término de materia o nombre geográfico como elemento de entrada |
Política de educacion superior |
| Subdivisión geográfica |
República Dominicana |
| 9 (RLIN) |
56216 |
| 700 1# - PUNTO DE ACCESO ADICIONAL--NOMBRE DE PERSONA |
| Nombre de persona |
Almánzar Rodríguez, Luz, |
| Término indicativo de función/relación |
ed. |
| 9 (RLIN) |
56217 |
| 700 1# - PUNTO DE ACCESO ADICIONAL--NOMBRE DE PERSONA |
| Nombre de persona |
Melo de Cardona, Ligia Amada, |
| Término indicativo de función/relación |
present. |
| 9 (RLIN) |
27174 |
| 910 ## - DATOS DE OPCIÓN DEL USUARIO (OCLC) |
| Datos de opción del usuario |
Validado. Control de calidad EMS |